[Event "SRB-chT3 South"]
[Site "Serbia"]
[Date "2017.10.15"]
[Round "11.6"]
[White "Susulic, Zivan"]
[Black "Milutinovic, Vladan"]
[Result "1/2-1/2"]
[WhiteElo "2088"]
[BlackElo "2041"]
[PlyCount "30"]
[EventDate "2017.09.03"]
[EventType "team-tourn"]
[EventRounds "11"]
[EventCountry "SRB"]
[SourceTitle "EXT 2022"]
[Source "ChessBase"]
[SourceDate "2021.10.06"]
[SourceVersion "1"]
[SourceVersionDate "2021.10.06"]
[SourceQuality "1"]

1. e4 c5 2. Nf3 e6 3. d4 cxd4 4. Nxd4 a6 5. c4 Qc7 6. Nc3 Nf6 7. Be2 Bb4 8. f3 d5 9. Qa4+ Nc6 10. Nxc6 Bxc3+ 11. bxc3 Qa5 12. Qxa5 dxc4 13. Bxc4 bxc6 14. Bf4 e5 15. Bd3 Nd5 1/2-1/2

[Event "SRB Central-chT qual"]
[Site "Nis"]
[Date "2014.10.04"]
[Round "4"]
[White "Milutinovic, Vladan"]
[Black "Jovic, Mirko"]
[Result "1/2-1/2"]
[WhiteElo "2119"]
[BlackElo "2229"]
[PlyCount "24"]
[EventDate "2014.10.02"]
[EventType "team-tourn"]
[EventRounds "7"]
[EventCountry "SRB"]
[SourceTitle "CBM 163 Extra"]
[Source "ChessBase"]
[SourceDate "2014.12.23"]
[SourceVersion "1"]
[SourceVersionDate "2014.12.23"]
[SourceQuality "1"]

1. Nf3 Nf6 2. d4 e6 3. c4 b6 4. Bg5 Bb7 5. e3 Be7 6. Nc3 d6 7. Bd3 c5 8. 0-0 Nbd7 9. Qe2 a6 10. Rfd1 Qc7 11. Rac1 0-0 12. a3 Rfe8 1/2-1/2

[Event "SRB Central-chT qual"]
[Site "Nis"]
[Date "2014.10.04"]
[Round "5"]
[White "Milutinovic, Vladan"]
[Black "Stojanovic, Zlatko"]
[Result "0-1"]
[WhiteElo "2119"]
[BlackElo "2230"]
[PlyCount "103"]
[EventDate "2014.10.02"]
[EventType "team-tourn"]
[EventRounds "7"]
[EventCountry "SRB"]
[SourceTitle "CBM 163 Extra"]
[Source "ChessBase"]
[SourceDate "2014.12.23"]
[SourceVersion "1"]
[SourceVersionDate "2014.12.23"]
[SourceQuality "1"]

1. Nf3 d6 2. d4 g6 3. g3 Bg7 4. Bg2 Nc6 5. 0-0 Bg4 6. d5 Bxf3 7. Bxf3 Nb8 8. c4 Nf6 9. Nc3 0-0 10. Qc2 c5 11. dxc6 Nxc6 12. Rd1 Nd7 13. Bg2 Rc8 14. b3 b5 15. Bb2 bxc4 16. bxc4 Na5 17. Nb5 Rxc4 18. Qd2 Bxb2 19. Qxb2 a6 20. Na3 Rc5 21. Rab1 Qc7 22. Qd4 Rb8 23. h4 Rxb1 24. Rxb1 Rc1+ 25. Kh2 Rxb1 26. Nxb1 Qc5 27. Qxc5 Nxc5 28. Nc3 Kg7 29. Kg1 e6 30. e4 f5 31. f4 Nc4 32. Kf2 Kf6 33. Ke2 a5 34. Bf3 h6 35. Bg2 Nb6 36. Ke3 e5 37. exf5 gxf5 38. Nd5+ Nxd5+ 39. Bxd5 Na6 40. a3 Nc7 41. Bc6 Ke6 42. Kd3 e4+ 43. Kd4 d5 44. a4 Kd6 45. Bb7 Ne6+ 46. Ke3 d4+ 47. Kd2 Kc7 48. Bd5 Nc5 49. h5 Kd6 50. Ba8 Nxa4 51. g4 e3+ 52. Kd3 0-1